Оценка влияния организационных рисков в деятельности строительных фирм (Запись № 12757033)

Подробности
000 -МАРКЕР
контрольное поле 01522nam0a2200289 i 4500
001 - ИДЕНТИФИКАТОР ЗАПИСИ
контрольное поле RU\NLR\BIBL_A\016227463
005 - ИДЕНТИФИКАТОР ВЕРСИИ
контрольное поле 20240727131259.0
021 ## - НОМЕР ГОСУДАРСТВЕННОЙ РЕГИСТРАЦИИ
Код страны Российская Федерация
Номер 2022-7752а
Номер Листа государственной регистраци АР-П-311
035 ## - ДРУГИЕ СИСТЕМНЫЕ НОМЕРА
Идентификатор записи (RuMoRGB)011215709
035 ## - ДРУГИЕ СИСТЕМНЫЕ НОМЕРА
Идентификатор записи (NLR Aleph) 016227463
100 ## - ДАННЫЕ ОБЩЕЙ ОБРАБОТКИ
Данные общей обработки 20221205d2022 km y0rusy50 ca
101 0# - ЯЗЫК РЕСУРСА
Язык текста, звукозаписи и т.д. русский
102 ## - СТРАНА ПУБЛИКАЦИИ ИЛИ ПРОИЗВОДСТВА
Страна публикации Российская Федерация
105 ## - ПОЛЕ КОДИРОВАННЫХ ДАННЫХ: ТЕКСТОВЫЕ МАТЕРИАЛЫ, МОНОГРАФИЧЕСКИЕ
Кодированные данные о монографическом текстовом документе y|||dm|||||||
200 1# - ЗАГЛАВИЕ И СВЕДЕНИЯ ОБ ОТВЕТСТВЕННОСТИ
Основное заглавие Оценка влияния организационных рисков в деятельности строительных фирм
Сведения, относящиеся к заглавию на примере предприятий Ирака
-- автореферат дис. на соиск. уч. степ. кандидата технических наук
-- специальность 05.02.22 Организация производства
Первые сведения об ответственности Шакир Зайнаб Наджи Шакир
Последующие сведения об ответственности [Место защиты: ФГБОУ ВО «Ивановский государственный политехнический университет»]
210 ## - ПУБЛИКАЦИЯ, РАСПРОСТРАНЕНИЕ И ДР.
Место издания, распространения и т.д. Иваново
Дата издания, распространения и т.д. 2022
215 ## - ФИЗИЧЕСКАЯ ХАРАКТЕРИСТИКА
Специфическое обозначение материала и объем 20 с.
Размеры 21
320 ## - ПРИМЕЧАНИЯ О НАЛИЧИИ В ДОКУМЕНТЕ БИБЛИОГРАФИИ / УКАЗАТЕЛЯ
Текст примечания Библиогр.: с. 19-20 (9 назв.)
345 ## - ПРИМЕЧАНИЕ, ОТНОСЯЩЕЕСЯ К ИНФОРМАЦИИ О КОМПЛЕКТОВАНИИ
Учетный / регистрационный номер 2022.10.07
606 ## - НАИМЕНОВАНИЕ ТЕМЫ КАК ПРЕДМЕТ
Наименование темы Организация производства
Код системы nsnr
615 ## - ПРЕДМЕТНАЯ КАТЕГОРИЯ
Начальный элемент ввода вышестоящей предметной категории в кодированной форме 05.02.22
Код системы nsnr
700 #1 - ИМЯ ЛИЦА - ПЕРВИЧНАЯ ОТВЕТСТВЕННОСТЬ
Начальный элемент ввода Шакир
Часть имени, кроме начального элемента ввода З. Н. Ш.
Расширение инициалов личного имени Зайнаб Наджи Шакир
Код отношения Автор
856 4# - МЕСТОНАХОЖДЕНИЕ ЭЛЕКТРОННЫХ РЕСУРОВ И ДОСТУП К НИМ
Тип электронного формата (Electronic Format Type) application/pdf
Универсальный идентификатор ресурса (Uniform Resource Identifier) http://dlib.rsl.ru/rsl01011000000/rsl01011215000/rsl01011215709/rsl01011215709.pdf
Тип доступа (Access method) Читать
911 ## - ДОПОЛНИТЕЛЬНАЯ КОДИРОВАННАЯ ИНФОРМАЦИЯ
Код научной степени
942 ## - ДОПОЛНИТЕЛЬНЫЕ ЭЛЕМЕНТЫ ЗАПИСИ (АБИС)
Тип экземпляра АБИС Книга

Нет доступных экземпляров.